| 000 | 00727nam a2200229 i 4500 | ||
|---|---|---|---|
| 001 | 000027704 | ||
| 003 | DO-SdBNP | ||
| 005 | 20230815103610.0 | ||
| 007 | ta | ||
| 008 | 110404e1997 dr a 000 0 spa d | ||
| 040 |
_aDO-SdBNP _bspa _cBNPHU _erda |
||
| 082 | 4 |
_222 _bR426p |
|
| 110 | 1 |
_aRepública Dominicana _bSecretaría de Estado de Finanza _bInstituto de Capacitación Tributaria _954280 |
|
| 245 | 1 | 0 | _aProgramación regular de cursos 1997. / |
| 264 | 1 |
_aSanto Domingo : _bINCAT, _c1997. |
|
| 300 |
_a70 páginas ; _bIlustraciones ; _c22 cm. |
||
| 336 |
_2rdacontent _atexto _btxt |
||
| 337 |
_2rdamedia _asin mediación _bn |
||
| 338 |
_2rdacarrier _avolumen _bnc |
||
| 590 | _aInventariado 2023 / MF | ||
| 942 |
_2ddc _cLBS1 |
||
| 999 |
_c27196 _d27196 |
||